Statistics for Top 100 Biggest Cities in Finland

Click here to take the quiz!

General Stats

  • This quiz has been taken 1,621 times
  • The average score is 39 of 100

Answer Stats

#CityPopulation% Correct
1Helsinki643,272
100%
3Tampere231,853
93%
6Turku189,669
92%
5Oulu201,810
91%
2Espoo279,044
90%
17Rovaniemi62,420
82%
4Vantaa223,027
82%
8Lahti119,573
78%
10Pori84,587
76%
15Vaasa67,392
76%
7Jyväskylä140,188
75%
9Kuopio118,209
73%
12Joensuu76,067
70%
11Kouvola84,196
66%
13Lappeenranta72,909
66%
19Kotka52,539
65%
14Hämeenlinna67,662
64%
21Porvoo50,159
62%
18Mikkeli54,261
60%
16Seinäjoki62,676
60%
22Kokkola47,723
58%
27Rauma39,620
57%
20Salo52,984
57%
30Kajaani37,239
53%
46Tornio21,928
53%
49Kemi21,256
51%
100Ii9,966
49%
32Savonlinna34,664
48%
40Imatra27,269
47%
33Nokia33,322
47%
24Hyvinkää46,739
46%
74Kuusamo15,386
46%
25Järvenpää42,572
45%
23Lohja46,785
44%
61Naantali19,167
43%
55Hamina20,493
42%
31Kerava35,554
42%
67Forssa17,185
40%
38Riihimäki29,021
40%
28Kirkkonummi39,170
39%
48Iisalmi21,639
38%
73Uusikaupunki15,752
37%
53Jämsä20,877
36%
63Heinola19,128
35%
41Raahe25,001
35%
26Nurmijärvi42,159
34%
51Varkaus21,155
34%
77Loviisa15,085
33%
34Kaarina33,099
32%
56Sipoo20,310
32%
29Tuusula38,646
32%
36Kangasala31,437
31%
79Lapua14,494
31%
45Lempäälä22,829
31%
35Ylöjärvi32,878
31%
82Kalajoki12,516
30%
87Mariehamn11,677
30%
43Raisio24,234
30%
66Kempele17,535
29%
54Mäntsälä20,803
29%
76Ylivieska15,251
29%
44Hollola23,782
28%
37Vihti29,054
28%
68Akaa16,769
27%
52Valkeakoski21,136
27%
89Lieksa11,297
26%
71Orimattila16,221
26%
42Sastamala24,820
26%
62Äänekoski19,144
25%
65Pieksämäki18,220
25%
47Siilinjärvi21,657
25%
72Loimaa16,150
24%
85Eura11,910
23%
70Kauhava16,278
23%
59Jakobstad19,379
22%
80Kauhajoki13,610
22%
94Kitee10,486
22%
60Pirkkala19,237
22%
88Kankaanpää11,585
21%
50Kurikka21,203
20%
95Sotkamo10,423
20%
97Huittinen10,207
19%
99Muurame10,097
19%
86Alavus11,713
18%
98Liminka10,133
18%
57Lieto19,596
17%
81Ulvila13,237
17%
92Paimio10,730
16%
69Janakkala16,607
15%
78Kontiolahti14,380
15%
64Laukaa18,978
15%
39Raseborg27,851
15%
93Hämeenkyrö10,599
14%
83Ilmajoki12,205
14%
96Mänttä-Vilppula10,256
14%
91Nivala10,815
14%
84Liperi12,150
13%
75Pargas15,285
11%
90Pedersöre11,084
11%
58Korsholm19,384
8%

Score Distribution

Percentile by Number Answered

Percent of People with Each Score

Your Score History

You have not taken this quiz